000
00353nam a2200157Ia 4500
003
OSt
005
20240305114015.0
008
170523s9999 xx 000 0 und d
020
_a
978-0070965188
040
_c
IIMTU
100
_a
MOTE- VL
245
0
_a
MANAGERIAL ECONOMIC
260
_b
TATA MC GRAW HILL NEW DELHI
260
_c
2001
942
_2
ddc
_c
02
999
_c
951
_d
951